|
|
|
|
| LEADER |
00558cam a2200145 7i4500 |
| 001 |
0000031826 |
| 005 |
20141015090000.0 |
| 090 |
0 |
0 |
|a USA 344.73
|b GUI
|
| 245 |
0 |
0 |
|a Guide to U.S Food and Drug Administration Inspections :
|b food facilities.
|
| 260 |
0 |
0 |
|a Hampton, VA:
|b Registor Corp.,
|c 2013.
|
| 300 |
# |
# |
|a 58 p.
|
| 650 |
0 |
0 |
|a United States of America --
|x Food and Drug Administration (FDA)
|
| 650 |
0 |
0 |
|a Food --
|x Law and logislation
|
| 650 |
0 |
0 |
|a Drug --
|x Law and logislation --
|z United States of America
|
| 999 |
|
|
|a 0000034239
|b Book
|c Countries
|e Business Information Centre
|